Pięć najbogatszych państw według kontynentu - Statystyki

Ogólne statystyki
  • Ten quiz został rozwiązany 15 269 razy
    9 293 od ostatniego zresetowania
  • Średni wynik to 15 z 30
Statystyki odpowiedzi
Kontynent PKB na mieszkańca Państwa % Poprawnych
Ameryka Północna $85 400 Stany Zjednoczone
91%
Ameryka Północna $60 500 Kanada
86%
Oceania $66 600 Australia
81%
Ameryka Południowa $20 800 Brazylia
78%
Oceania $54 000 Nowa Zelandia
75%
Ameryka Południowa $26 400 Argentyna
74%
Europa $91 000 Szwajcaria
74%
Europa $203 000 Monako
73%
Europa $144 000 Luksemburg
72%
Europa $134 000 Liechtenstein
69%
Ameryka Południowa $31 000 Chile
66%
Ameryka Południowa $30 200 Urugwaj
58%
Azja $96 800 Zjednoczone Emiraty Arabskie
58%
Azja $112 000 Katar
57%
Azja $134 000 Singapur
55%
Ameryka Południowa $80 100 Gujana
46%
Oceania $17 400 Fidżi
45%
Ameryka Północna $44 800 Panama
44%
Ameryka Północna $46 500 Bahamy
33%
Oceania $10 800 Nauru
33%
Oceania $17 400 Palau
33%
Europa $134 000 Irlandia
32%
Azja $76 900 Tajwan
32%
Azja $77 500 Brunei
28%
Afryka $43 200 Seszele
27%
Afryka $32 100 Mauritius
22%
Afryka $26 500 Libia
19%
Afryka $20 100 Botswana
15%
Ameryka Północna $38 900 Saint Kitts i Nevis
15%
Afryka $19 500 Gabon
11%
Nie znaleziono quizów pasujących do podanych kryteriów
Rozkład punktacji
Procent ludzi z każdym wynikiem
Percentyl według liczby udzielonych odpowiedzi
Twoja historia wyników
Nie rozwiązałeś tego quizu od ostatniego zresetowania